[Event "Bundesliga 1112"]
[Site "Germany"]
[Date "2011.11.19"]
[Round "4.6"]
[White "Klyuner, Vyacheslav"]
[Black "Hracek, Zbynek"]
[Result "0-1"]
[WhiteElo "2428"]
[BlackElo "2624"]
[Annotator "RR"]
[PlyCount "122"]
[EventDate "2011.10.14"]
[EventType "team-tourn"]
[EventRounds "15"]
[EventCountry "GER"]
[SourceTitle "CBM 146"]
[Source "ChessBase"]
[SourceDate "2012.01.18"]
[SourceVersion "1"]
[SourceVersionDate "2012.01.18"]
[SourceQuality "1"]
[WhiteTeam "Dortmund Hansa"]
[BlackTeam "Werder Bremen"]
[WhiteTeamCountry "GER"]
[BlackTeamCountry "GER"]

1. e4 c5 2. Nf3 d6 3. Nc3 e6 4. g3 Nf6 5. Bg2 Nc6 6. O-O Be7 7. d4 cxd4 8. Nxd4
Bd7 9. h3 O-O 10. g4 Nxd4 11. Qxd4 Bc6 12. a4 a6 13. a5 Nd7 14. Be3 Rc8 15. Qd2
Ne5 16. b3 Ng6 17. Na4 Nh4 18. Nb6 Nxg2 19. Nxc8 Qxc8 20. Kxg2 Bxe4+ 21. f3 Bc6
22. c4 e5 23. Bg5 f6 24. Bh4 Qe6 25. Kh2 g5 26. Be1 f5 27. Qe2 h5 28. gxh5 Kf7
29. Bc3 Rh8 30. f4 g4 31. hxg4 fxg4 32. Kg3 Rxh5 33. Qxg4 Bh4+ 34. Qxh4 Rxh4
35. fxe5+ Ke8 36. Kxh4 Qh6+ 37. Kg4 Bd7+ 38. Kg3 Qh3+ 39. Kf4 Qxc3 40. exd6
Qxb3 41. Rae1+ Kd8 42. Re4 Bc6 43. Rd4 Qc3 44. Rfd1 Kd7 45. R1d2 Qf3+ 46. Ke5
Qh5+ 47. Kf4 Qh4+ 48. Kf5 $2 (48. Ke3 Qg5+ 49. Kf2) 48... Be4+ $5 49. Ke5 Qe1
50. Kf4 Bg6 51. Kf3 Qe5 52. Kf2 Bh5 53. Kg2 Qxa5 54. Rf2 Qg5+ 55. Kh2 a5 56.
Rff4 Bg6 57. Rg4 Qe5+ 58. Kg2 a4 59. c5 a3 60. Rb4 Qd5+ 61. Kg3 a2 0-1

[Event "Bundesliga 1112"]
[Site "Germany"]
[Date "2011.11.20"]
[Round "5.3"]
[White "Saric, Ivan"]
[Black "Lagno, Kateryna"]
[Result "1/2-1/2"]
[WhiteElo "2643"]
[BlackElo "2554"]
[Annotator "RR"]
[PlyCount "117"]
[EventDate "2011.10.14"]
[EventType "team-tourn"]
[EventRounds "15"]
[EventCountry "GER"]
[SourceTitle "CBM 146"]
[Source "ChessBase"]
[SourceDate "2012.01.18"]
[SourceVersion "1"]
[SourceVersionDate "2012.01.18"]
[SourceQuality "1"]
[WhiteTeam "Hockenheim"]
[BlackTeam "Katernberg"]
[WhiteTeamCountry "GER"]
[BlackTeamCountry "GER"]

1. e4 c5 2. Nf3 d6 3. d4 cxd4 4. Nxd4 Nf6 5. Nc3 a6 6. Be3 e6 7. f3 b5 8. Qd2
b4 9. Na4 Nbd7 10. O-O-O Qa5 11. b3 Bb7 12. a3 Qc7 13. axb4 d5 14. b5 dxe4 15.
b6 Ba3+ 16. Kb1 Qd6 17. Ka2 Qe7 18. c3 O-O 19. Nc2 Bc5 20. Nxc5 Nxc5 21. Qd6
Qxd6 22. Rxd6 Rfc8 23. b4 Na4 24. c4 exf3 25. gxf3 Bxf3 26. Rg1 Ne4 $2 (26...
a5 27. b5 Ne8 $11) 27. Rd7 $18 Rab8 28. b7 $6 (28. Bd4 g6 29. b7 $18) 28...
Nec3+ $14 29. Kb3 Bxb7 $1 (29... Rxb7 $2) 30. Bd4 g6 31. Rxb7 Rxb7 32. Bxc3
Nxc3 33. Kxc3 a5 34. bxa5 Ra7 35. Rg5 f5 36. Nd4 Rxa5 37. Nxe6 Ra1 38. Bd3 Kf7
39. Nd4 Ra3+ 40. Nb3 Ra2 41. h3 Kf6 42. Rg3 f4 43. Rf3 Ke5 44. c5 Ra3 45. Kb4
Rxb3+ 46. Kxb3 Rxc5 47. Bc2 Rc7 48. Kb2 g5 49. Rb3 Kd4 50. Rd3+ Ke5 51. Rd8 Rf7
52. Bb3 Rf6 53. Rd5+ Ke4 54. Rxg5 f3 55. Bc4 f2 56. Bf1 Rg6 57. Rxg6 hxg6 58.
Kc3 g5 59. Kd2 1/2-1/2

[Event "Vandoeuvre op 11th"]
[Site "Vandoeuvre"]
[Date "2014.12.30"]
[Round "9"]
[White "Gharamian, Tigran"]
[Black "Bailet, Pierre"]
[Result "1/2-1/2"]
[WhiteElo "2669"]
[BlackElo "2484"]
[Annotator "RR"]
[PlyCount "52"]
[EventDate "2014.12.26"]
[EventType "swiss"]
[EventRounds "9"]
[EventCountry "FRA"]
[SourceTitle "EXT 2017"]
[Source "ChessBase"]
[SourceDate "2016.10.25"]
[SourceVersion "1"]
[SourceVersionDate "2016.10.25"]
[SourceQuality "1"]

1. e4 {90} c5 2. Nf3 Nc6 3. Nc3 e6 4. g3 d6 5. Bg2 Nf6 6. O-O Be7 (6... a6) 7.
d4 {Transpose sur une Taimanov} cxd4 8. Nxd4 Bd7 9. Nb3 $5 {56 joué après
une longue réflexion} (9. Ndb5 Qb8 10. Bg5 (10. Bf4) 10... a6) 9... O-O {75}
10. g4 $5 {50 Une idée agressive du GMI allemand LAU pour prendre de l'espace
à l'aile-roi sans avoir besoin de jouer Nc3e2g3} d5 11. exd5 Nxd5 12. Nxd5
exd5 13. c3 (13. h3 Be6 {Lau,R (2465)-Wahls,M (2330) Bundesliga 8586 1985 [4]
1-0}) 13... Be6 $146 (13... a5 {[%cal Ga5a4]} 14. a4 {Lau,R (2540)-Riemersma,L
(2420) Dordrecht 1988 1-0}) 14. Be3 Ne5 $1 15. h3 Nc4 16. Qe2 Re8 $11 17. Rad1
Nxe3 18. Qxe3 Bf6 (18... Bd6 {[%cal Gd8h4]} 19. Rfe1 Qh4 (19... Qd7 20. Qd4
Rad8 21. Qxa7 h5 $44) 20. Bxd5) 19. Rfe1 Bd7 20. Qd2 Rxe1+ 21. Rxe1 Bc6 22. Nd4
{[%csl Rc6,Gd4]} g6 23. Qf4 Bg5 24. Qe5 Bf6 25. Qf4 Bg5 26. Qe5 Bf6 {Ce
tournoi comprend une clause d'interdiction des nulles par consentement mutuel}
1/2-1/2

[Event "FIDE World Cup"]
[Site "Baku"]
[Date "2015.09.17"]
[Round "3.1"]
[White "Leko, Peter"]
[Black "Giri, Anish"]
[Result "1/2-1/2"]
[WhiteElo "2707"]
[BlackElo "2798"]
[Annotator "Ramirez Alvarez,A"]
[PlyCount "66"]
[EventDate "2015.09.11"]
[EventType "k.o."]
[EventRounds "7"]
[EventCountry "AZE"]
[SourceTitle "CBM 169"]
[Source "ChessBase"]
[SourceDate "2015.11.10"]
[SourceVersion "1"]
[SourceVersionDate "2015.11.10"]
[SourceQuality "1"]

{Everyone knew this game would end in a draw, but just how that draw was going
to happen was still a mystery.} 1. e4 c5 2. Nf3 d6 3. d4 cxd4 4. Nxd4 Nf6 5.
Nc3 a6 6. Be3 Ng4 7. Bc1 Nf6 8. f3 e6 9. Be3 b5 10. Qd2 Nbd7 11. g4 h6 12.
O-O-O b4 13. Nce2 Qc7 14. h4 d5 15. Bf4 e5 16. Bh2 dxe4 17. g5 hxg5 18. hxg5
Rxh2 19. Rxh2 exd4 20. Rh4 Ng4 (20... b3 {was Leko-Grischuk, 2012. That game
also ended in a draw but Leko had the upper hand for some time.}) 21. Rxg4 Nc5
22. Rh4 d3 23. Nd4 Bb7 24. Rh8 {Played after a little bit of thought} O-O-O {
And after this Leko finally sank into a 20 minute think. A complicated
position that Giri no doubt had deeply analyzed.} 25. g6 (25. Kb1 dxc2+ {
was Jakovenko-Artemiev, 2013. Jakovenko won that game but the computers found
a way of equalizing somewhere somehow.}) 25... fxg6 {Giri seemed to finally be
on his own here, but he played this after only thinking 10 minutes.} 26. fxe4
Bxe4 27. Nb3 Nxb3+ 28. axb3 Be7 29. Bxd3 (29. Rxd8+ Qxd8 30. Bh3+ Kb7 31. Rg1
$1 Qb6 {should also only be equal. Black's king is exposed but White's isn't
happy either.}) 29... Rxh8 30. Bxe4 Rd8 31. Qe3 Rxd1+ 32. Kxd1 Qc5 33. Qxc5+
Bxc5 {for example.} 1/2-1/2

[Event "Hoogeveen Unive Crown 17th"]
[Site "Hoogeveen"]
[Date "2013.10.25"]
[Round "5"]
[White "Adams, Michael"]
[Black "Van Wely, Loek"]
[Result "1-0"]
[WhiteElo "2753"]
[BlackElo "2693"]
[Annotator "Ramirez Alvarez,A"]
[PlyCount "107"]
[EventDate "2013.10.20"]
[EventType "tourn"]
[EventRounds "6"]
[EventCountry "NED"]
[EventCategory "17"]
[SourceTitle "CBM 157"]
[Source "ChessBase"]
[SourceDate "2013.11.12"]
[SourceVersion "1"]
[SourceVersionDate "2013.11.12"]
[SourceQuality "1"]

1. e4 c5 2. Nf3 d6 3. d4 cxd4 4. Nxd4 Nf6 5. Nc3 a6 6. Be3 e6 {White has tried
basically every legal move in this position, but the one that Adam's chooses
is actually very rare.} 7. Qf3 Nbd7 8. O-O-O Qc7 9. Qg3 {Although this looks
like it should be a somewhat typical Sicilian position, the quick Qf3-g3 has
made this a position that has never been seen at top level chess. It's
interesting that despite the hundreds or thousands of grandmaster Sicilians
every year, there is always new territory to explore before move 10.} Nc5 10.
f3 Bd7 11. Nb3 $1 {I like this move. The knight is threated because of the pin,
so Black must react. If he takes on b3 he solidifies White's position, while
Na4 is a little awkward.} Na4 (11... Nxb3+ 12. axb3 {makes White's position a
little easier to defend.} (12. cxb3 $5 {Might be even better, with the
followup of Kb1 and Rc1.})) 12. Nxa4 Bxa4 13. Kb1 Rc8 14. Bd3 h5 15. Rhe1 {
Adams has played very simple chess and he has a slightly more comfortable
position.} e5 (15... Be7 {seemed a little better. Black needs to castle.} 16.
Qxg7 Rg8 17. Qh6 Rg6 18. Qf4 e5 19. Qh4 Ng4 20. Qxh5 Nxe3 21. Rxe3 Rxg2 {
is the kind of counterplay Black should be happy with, despite being down a
pawn.}) 16. Qf2 Be7 17. Bb6 Qb8 18. Na5 Nd7 19. Nc4 Bxc2+ $5 {Changing the
character of the position, but Adams is ready for this.} (19... O-O 20. b3 Bc6
21. g4 {looks worse than it actually is. Black is a little bit worse probably
but he has chances.}) 20. Kxc2 Nxb6 21. Qxb6 Bd8 22. Qb3 b5 23. Kb1 bxc4 24.
Qxb8 Rxb8 25. Bxc4 {A forced sequence has landed us in this endgame. The issue
for Black here is that he holds two permanent disadvantages. The first is that
his bishop will simply never be as useful as White's, who will dominate the
board. The second is that Adams has a mobile majority on the queenside,
letting him create a potential passed pawn. Black will never push d5.} Rb6 26.
Rd3 Rf8 27. Rc1 f5 {An attempt at alleviating the blockade. Adams has to
decide wether to let go a bit of his hold on d5 or give Van Wely the f-file.}
28. Bd5 Kd7 29. exf5 $1 {The correct decision. The rooks and bishop will be
enough to consolidate the blockade.} Rxf5 30. Be4 Rf4 31. g3 Rf6 32. h4 a5 33.
Rc5 Rf8 34. a3 {It's suicide for Black's pawn to ever advance to a4, so Adams
can play this move to pr epare a future b4.} Ke6 35. Rc8 Be7 36. Rc7 Rb5 37.
Bc6 (37. a4 Rc5 38. Rxc5 dxc5 39. Rb3 $1 {Was maybe better, Black has
difficulty holding on to all his pawns.}) 37... Rb6 (37... Rc5 $1 {Was the
only way to play for Black.} 38. Ka2 Rb8 $1 {Halting b4, and White still has
to prove his advantage.}) 38. Bd5+ Kf6 39. g4 $1 {Now it's winning. Black's
rook on b6 is nowhere near as important as White's on c7, which is fueling a
strong attack against the opponent king.} hxg4 40. fxg4 e4 {Otherwise Van Wely
will lose his bishop after g5+.} 41. Bxe4 (41. g5+ $1 {was stronger} Kf5 42.
Re3 {And White wins a pawn but Black's king is still not feeling comfortable.})
41... Bd8 42. Rc2 g5 43. Rf3+ Kg7 44. Rxf8 Kxf8 45. Rc8 Ke7 46. h5 {White's
passed pawn on the h-file is too strong. Black can't afford to lose any more
material, but it is not easy to put a stop to h6.} d5 47. Bxd5 Kd7 48. Ra8 Rf6
49. Be4 Rf1+ 50. Ka2 Rf2 51. Bf5+ Ke7 52. h6 Bb6 53. h7 Bd4 54. h8=Q {Adams
converted a very nice game in which he was better from start to finish. Van
Wely missed his chance to put further problems and try to equalize with 37...
Rc5 and after that it was simply over.} 1-0

[Event "Clarin GP final"]
[Site "Villa Gesell"]
[Date "1997.??.??"]
[Round "3"]
[White "Valerga, Diego"]
[Black "Hoffman, Alejandro"]
[Result "1/2-1/2"]
[WhiteElo "2445"]
[BlackElo "2480"]
[Annotator "Rechlis,G"]
[PlyCount "94"]
[EventDate "1997.03.02"]
[EventType "tourn"]
[EventRounds "11"]
[EventCountry "ARG"]
[EventCategory "11"]
[SourceTitle "CBM 058"]
[Source "ChessBase"]
[SourceDate "1997.06.01"]
[SourceVersion "1"]
[SourceVersionDate "1997.06.01"]
[SourceQuality "1"]

1. e4 c5 2. Nf3 d6 3. d4 cxd4 4. Nxd4 Nf6 5. f3 e6 6. Nc3 Be7 7. Be3 Nc6 8. Qd2
O-O 9. O-O-O d5 10. exd5 Nxd5 11. Nxd5 exd5 (11... Qxd5 12. Nxc6 (12. Nb3 Qxd2+
13. Rxd2 Rd8 14. Rxd8+ Nxd8 15. Bd3 Bd7 16. Be4 f5 17. Bd3 Kf7 18. c3 Nc6 19.
Bc4 Rc8 20. Kb1 b6 21. Rd1 Be8 22. Re1 Bd7 23. Ba6 Rd8 24. Bf4 Be8 25. Bc7 Rd7
26. Bg3 Rd8 27. Bb7 Bd6 28. Bxd6 {1/2-1/2 Anand,V-Salov,V/Dortmund 1992}) 12...
Qxc6 13. Bd3 e5 (13... Rd8 $142) 14. Qa5 $1 Qf6 15. h4 b6 16. Qa4 $2 (16. Qd5
$142 $1 Bf5 17. Bg5 $16) 16... Bb7 17. Bg5 Qe6 18. Bxe7 (18. Bc4 Bxg5+ 19. hxg5
Qg6 20. Bd3 e4 $1) (18. Qd7 $5 {Fritz3} Qxd7 19. Bxh7+ Kxh7 20. Rxd7 Bxf3 $1
$10 21. gxf3 Bxg5+ 22. hxg5+ Kg6 23. Re1 f6 $10) 18... Qxe7 19. Be4 Bxe4 20.
Qxe4 Rad8 21. a3 f5 22. Qc4+ Qf7 23. Qxf7+ Kxf7 24. Rxd8 (24. c4 $142 $10 {
Fritz3}) 24... Rxd8 25. Rd1 Rxd1+ 26. Kxd1 b5 $15 27. Kd2 Ke6 28. b3 (28. Kd3 {
/\c4}) 28... Kd5 (28... h5 $142) 29. Kd3 a5 (29... h5) 30. Ke3 (30. g4 $5) (30.
h5 $5) 30... a4 31. h5 $2 b4 $19 {0-1 Adams,M-Lutz,C/Wijk rapid 1995}) 12. Bb5
Ne5 13. Rhe1 a6 14. Bf1 Nc4 15. Bxc4 dxc4 16. Bf4 Bf6 17. Be5 Bxe5 18. Rxe5 $14
Qh4 19. g3 Qf6 20. Rde1 {[%cal Ge2e4,Ge1e8]} Bd7 21. f4 (21. g4 $5) 21... Rfd8
22. Qb4 b5 23. Qe7 $6 {White's queen is very active , why change it ?} (23. c3
$142) 23... Qxe7 24. Rxe7 Kf8 25. c3 g6 26. R7e5 Rac8 27. Rd5 Bh3 28. Rxd8+
Rxd8 29. Re5 Re8 30. Rxe8+ Kxe8 31. Kd2 {In the resulting endgame white's
advantage is theoretical .} Kd7 32. Ke3 Kd6 33. Nf3 f6 34. Kd4 Be6 35. Nd2 Bd5
36. a4 Bc6 37. Nb1 Bd7 38. Na3 Bc6 39. Nc2 Ba8 40. Nb4 Bb7 41. a5 f5 42. Nc2
Be4 43. Ne3 Bf3 44. Nc2 Be4 45. Nb4 Bb7 46. h3 h6 47. h4 h5 1/2-1/2

[Event "Moscow Aeroflot op-A1"]
[Site "Moscow"]
[Date "2008.02.20"]
[Round "7"]
[White "Vachier Lagrave, Maxime"]
[Black "Brkic, Ante"]
[Result "1-0"]
[WhiteElo "2637"]
[BlackElo "2558"]
[Annotator "Reeh,O"]
[PlyCount "113"]
[EventDate "2008.02.14"]
[EventType "swiss"]
[EventRounds "9"]
[EventCountry "RUS"]
[SourceTitle "CBM 123"]
[Source "ChessBase"]
[SourceDate "2008.04.02"]
[SourceVersion "1"]
[SourceVersionDate "2008.04.02"]
[SourceQuality "1"]

1. e4 c5 2. Nf3 d6 3. d4 cxd4 4. Nxd4 Nf6 5. Nc3 a6 6. Be3 Nc6 7. f3 e6 8. Qd2
Be7 9. O-O-O O-O 10. g4 Nxd4 11. Bxd4 b5 12. g5 Nd7 13. h4 Qc7 14. Kb1 b4 15.
Na4 Bb7 16. Qf2 Rad8 17. Be2 Nc5 18. Nxc5 dxc5 19. Be3 a5 20. Bb5 Qe5 21. Bc1
Rxd1 22. Rxd1 Rd8 23. Re1 Qc7 24. b3 Rd4 25. Bb2 Bd6 26. Rg1 Be5 27. f4 Bxf4
28. Bxd4 cxd4 29. Qxd4 Be5 30. Qd3 g6 31. Rf1 Kf8 32. Bc4 Kg7 33. Qf3 Qe7 34.
h5 Bc6 35. h6+ Kf8 36. Qf2 Ke8 37. Rd1 Qc7 38. Qf1 Qb6 39. Qf3 Ke7 40. a4 bxa3
41. Ka2 Qc5 42. Qd3 Qd6 43. Qxd6+ Bxd6 {An interesting endgame has arisen.
Despite his extra exchange, White's task is not easy since he has many pawn
weaknesses and Black's bishops are quite strong. Es hat sich ein interessantes
Endspiel ergeben. Die Aufgabe von Weiß ist trotz der Mehrqualität keineswegs
einfach, denn er hat viele Bauernschwächen und die Läufer von Schwarz sind
ziemlich stark.} 44. Bd3 Bb4 45. c3 Bd6 46. Rf1 Ba8 47. Rb1 Be5 48. b4 Bxc3 49.
b5 Bb4 ({Worth considering was In Betracht kam} 49... Bd2 {not letting the
rook to c1, e.g. , um den Turm nicht nach c1 zu lassen, z.B.} 50. b6 Bb7 {
and the position remains unclear. und die Stellung bleibt ungeklärt.}) 50. Rc1
$1 Kd7 51. b6 Bc6 52. e5 Bd2 53. Rd1 Bd5+ {[%tqu "En","How would you react to
Black's bishop check?","Pins...","Try to swap one of Black's bishops.","d3c4",
"Very nice!  If this bishop is captured, White will win his pinned black
colleague on d2. With this piece gone, White will have no problems converting
his extra exchange.",10]} 54. Bc4 $1 {Opening the d-file, thus conqering one
of the black bishops. Öffnet die d-Linie und erobert so einen der schwarzen
Läufer.} (54. Kxa3 Bxg5 {would be far less clear. wäre weit weniger klar.})
54... Bxg5 (54... Bxc4+ 55. Kxa3 Kc6 56. Rxd2 Kxb6 57. Rd7 {is also hopeless.
ist ebenfalls hoffnungslos.}) 55. Bxd5 exd5 56. Rxd5+ Kc6 57. e6 $1 {and Black
resigned, since after 57...Kxd5 (57...fxe6 58.Rxg5) 58.exf7 Bxh6 59.b7 one of
White's pawn promotes. und Schwarz gab auf, denn nach 57...Kxd5 (57...fxe6 58.
Rxg5) 58.exf7 Bxh6 59.b7 geht einer der weißen Bauern zur Dame.} 1-0

[Event "San Francisco"]
[Site "San Francisco"]
[Date "1995.??.??"]
[Round "6"]
[White "Waitzkin, Joshua"]
[Black "Polgar, Sofia"]
[Result "1/2-1/2"]
[WhiteElo "2435"]
[BlackElo "2500"]
[Annotator "Ribli,Z"]
[PlyCount "93"]
[EventDate "1995.??.??"]
[EventType "game"]
[EventCountry "ARG"]
[SourceTitle "CBM 046"]
[Source "ChessBase"]
[SourceDate "1995.06.01"]
[SourceVersion "1"]
[SourceVersionDate "1995.06.01"]
[SourceQuality "1"]

1. e4 c5 2. Nf3 e6 3. d4 cxd4 4. Nxd4 Nc6 5. Nc3 Qc7 6. g3 a6 7. Bg2 Nf6 8. O-O
Be7 9. Be3 $6 {Mit diesem Zug kann Weiss kaum noch auf Eroeffnungsvorteil
hoffen.Die richtige Fortsetzung ist 9.Re1!?} O-O 10. a4 d6 11. h3 Bd7 12. Nde2
Rab8 (12... Rfe8 13. g4 Bc8 14. Ng3 Rb8 15. Qe2 Bf8 $13 {Weiss kann am
Koenigfluegel und Schwarz am Damenfluegel spielen. Moeldner,J- Sinowjew,J/
Dortmund op/1992/CBM29/}) 13. g4 h6 $5 14. f4 Nh7 $5 {Typische Idee.} 15. Qd3
Qd8 16. Rfd1 Kh8 17. e5 d5 18. Nd4 f6 $1 {Schwarz will das weisse Zentrum
aufsprengen.} 19. exf6 Bxf6 20. Nb3 Na5 {Droht 21...Nc4} 21. Nxa5 Qxa5 22. Bd4
Rbc8 {Polgar,S hat die Eroeffnung zufriedenstellend geloest.} 23. Qe3 Bxd4 24.
Qxd4 (24. Rxd4 $2 Qb6 $1 25. Rb1 Rxc3 $1 26. Qxc3 Rxf4 27. Rbd1 e5 28. Qb4 Qa7
$19) 24... Rc4 25. Qa7 Qb4 (25... Rcxf4 26. Qxb7 Qc5+ 27. Kh1 Bc8 28. Qb3 Ng5
$17 {Schwarz steht mit dem Bauernpulk im Zentrum schon klar besser.}) (25...
Bc6 $5) 26. f5 $5 {Weiss versucht, im trueben zu fischen.} Qxb2 27. fxe6 Rxc3 {
In Betracht kommt 27...Be6 (-/+) und Schwarz hat bessere Stellung und
Mehrbauern} 28. exd7 Rxc2 29. Bxd5 Ng5 (29... Qe5 30. Bg2 Qg3 31. Qxb7 Ng5 32.
d8=Q Nxh3+ 33. Kh1 Nf2+ 34. Kg1 Nh3+ $10) 30. Qe3 $1 Rc3 {Der schwarze Angriff
sieht uebermachtig aus, aber Weiss kann gut kontern.} 31. Ra2 $1 (31. Rf1 Rxe3
32. Rxf8+ Kh7 33. Bg8+ Kg6 $19) 31... Nxh3+ 32. Kh1 $1 (32. Qxh3 Qb6+ $19)
32... Qxa2 33. Bxa2 Rxe3 34. d8=Q Rxd8 35. Rxd8+ Kh7 36. Bb1+ $1 g6 37. Rd7+
Kg8 38. Bxg6 {Im Endergebnis hat S.Polgar einen Bauern erobert, aber das
Endspiel war fuer sie nicht zu gewinnen.} Ra3 39. Rxb7 Rxa4 40. Bf7+ Kf8 41.
Kg2 Ng5 42. Bh5 Re4 43. Ra7 Re6 44. Kf2 Kg8 45. Kf1 Kh8 46. Kf2 Kg8 47. Kf1 {
Schwarz hat im Mittelspiel den Sieg mehrmal verspielt. Ribli} 1/2-1/2

[Event "Hoogovens op"]
[Site "Wijk aan Zee"]
[Date "1995.01.??"]
[Round "5"]
[White "Brodsky, Michail"]
[Black "Zvjaginsev, Vadim"]
[Result "0-1"]
[WhiteElo "2535"]
[BlackElo "2585"]
[Annotator "Ribli,Z"]
[PlyCount "112"]
[EventDate "1995.01.??"]
[EventType "swiss"]
[EventRounds "12"]
[EventCountry "NED"]
[SourceTitle "CBM 046"]
[Source "ChessBase"]
[SourceDate "1995.06.01"]
[SourceVersion "1"]
[SourceVersionDate "1995.06.01"]
[SourceQuality "1"]

1. e4 c5 2. Nf3 Nc6 3. d4 cxd4 4. Nxd4 Qc7 5. Nc3 e6 6. g3 a6 7. Bg2 d6 8. O-O
Bd7 9. Nxc6 Bxc6 10. a4 Nf6 11. a5 Be7 12. Be3 O-O $1 {Zvjaginsev verbessert
jetzt deutlich seine Partie gegen Leko.} (12... Nd7 13. Na4 O-O 14. Nb6 Rae8
15. c4 $1 Nxb6 16. Bxb6 Qc8 17. Re1 $14 {Weiss hat Raumvorteil und steht
besser. Leko,P-Zvjaginsev,V/Wijk/1995/CBM45/}) 13. Bb6 (13. Re1 Nd7 14. Na4
Rae8 15. Nb6 f5 $10 {Vogt,L-Cramling,P/Valby K41/1991/CBM27/}) 13... Qb8 14.
Re1 Re8 15. Na4 $6 {Dieser Springer geht in die Luft.} (15. Qd2 $5) 15... d5 $1
{Dieser Vorstoss ist fuer derartige Stellungen typisch. Weiss kann hier kaum
noch auf Eroeffnungsvorteil hoffen.} 16. Nc3 (16. e5 Nd7 17. Bd4 Bxa4 18. Rxa4
Qc7 $13 {Schwarz hat sehr gutes Spiel am Damenfluegel.}) 16... dxe4 17. Nxe4
Nd5 18. Bc5 Bxc5 19. Nxc5 Qc7 20. Nd3 Red8 {Schwarz kontrolliert das Zentrum,
und seine Figuren sind gut postiert. Zvjaginsev steht etwas bequemer.} 21. Qc1
Ne7 22. Bf1 Bb5 23. Nb4 Bxf1 24. Rxf1 Nd5 25. c3 h6 26. Nc2 (26. Nxd5 Rxd5 27.
b4 Rc8 $15) 26... Ne7 27. Nb4 Rd7 $1 {Natuerlich will Schwarz durch
Zugwiederholung nicht remis machen.} 28. Rd1 Rad8 29. Rxd7 Rxd7 30. Qc2 Ng6 31.
Nd3 Qd6 32. Ne1 Ne5 33. Qe4 Qd5 34. Qxd5 Rxd5 $15 {Schwarz kontrolliert die
d-Linie und steht klar besser.} 35. b4 g5 36. h3 Nc4 37. Rc1 f5 38. Kf1 e5 39.
Rc2 e4 40. Ng2 Rd3 41. Ne1 Rd7 42. Ke2 Kf7 43. Ng2 Ke6 44. Ne3 Na3 45. Rd2 (45.
Ra2 Nb5 46. Rc2 Rd3 47. Nd1 Ke5 $19 {Weiss ist hilflos.}) 45... Rxd2+ 46. Kxd2
f4 $1 47. gxf4 gxf4 48. Ng2 Nc4+ 49. Kd1 Kf5 $1 {Weiss ist positionell
ueberspielt und hat bis zum bitteren Ende nur noch Zwangzuege.} 50. Ne1 f3 51.
Nc2 Kg5 $1 52. Nd4 Kh4 53. Ke1 Kxh3 54. Kf1 Kg4 55. Kg1 h5 56. Kf1 h4 {
Zvjaginsev spielte diese Partie hervorragend. Ribli} 0-1